000 00299 a2200097 4500
000 nam a22 7a 4500
020 _a9781498783590
100 _aKaushik, Brajesh Kumar
245 _aSpacer engineered FinFET architectures : high-performance digital circuit applications
260 _bCRC Press,
_c2017.
999 _c85408
_d85408